Same, but different #19 - Statistics

General Stats
  • This quiz has been taken 18 times
  • The average score is 10 of 15
Answer Stats
Clues Answer % Correct
John (actor), Bruce (Batman's alter ego) Wayne
93%
A referee blows one of these, the seven dwarfs did this, while they worked Whistle
93%
Disneys tan coloured coloured dog, or a downgraded, former planet Pluto
86%
Hot drink, Nescafe being an example, or a type of thin biscuit, Morning....? Coffee
79%
Personal, possessive pronoun of my, or underground booby traps Mine
79%
The seafaring armed forces, or a shade of dark blue Navy
79%
Ford Auto make a model called this, or in Spanish, the word for party Fiesta
71%
Can precede house (for a pub), or toilets Public
71%
Someone from Sweden, or a root vegetable Swede
71%
A British Crown Dependency, Isle of ____, or can mean to staff a post with someone Man
64%
Ethnic origin, or, several persons competing against each other, competitively Race
64%
A slang term for a criminal conviction, or, a style of urban music Rap
64%
Connie (actress), Tony (actor)- father-in-law of Tony Blair Booth
43%
To give someone a ride, the kids to school, for example, or, a ship, for passenger conveyance Ferry
43%
.... web, a type of spider, or a plastic gadget, to ensure no spillage, when moving liquids Funnel
36%
No matching quizzes found
Score Distribution
Percent of People with Each Score
Percentile by Number Answered
Your Score History
You have not taken this quiz